000 00825nam a2200217 a 4500
001 000023066
005 20200930021951.0
008 101125s2004 gw ac r 001 0 spa d
020 _a3527307311
040 _aDO-SdBNP
_bspa
_cBNPHU
082 _a641.3373
_bC674g
245 0 0 _aCoffee: Growing, Processing, Sustainable Production :
_ba guidebook for Growers, Processors, Trader and Researchers /
_cEditado Jean Nicolas Wintgens.
260 _aGermany :
_bWILEY-VCH Verlag GmbH & Co. KGaA.,
_c2004.
300 _axxxii, 975 p. :
_bil., retrs. ;
_c25 cm.
500 _aIncluye índice
504 _aIncluye referencias bibliográficas y notas al pie de las páginas.
650 4 _aCafé-comercio
_947483
650 4 _aCafé-cultivo
_947484
650 4 _aCafé-mercadeo
_947485
700 1 _aWintgens, Jean Nicolas,
_eed.
_947486
999 _c22563
_d22563